<?xml version="1.0" encoding="UTF-8"?>
<marc:record xmlns:marc="http://www.loc.gov/MARC21/slim">
   <marc:leader>00000nam a2200000 a 4500</marc:leader>
   <marc:datafield ind1="1" ind2=" " tag="100">
      <marc:subfield code="a">Knister</marc:subfield>
      <marc:subfield code="4">aut</marc:subfield>
      <marc:subfield code="e">Verfasser/-in</marc:subfield>
   </marc:datafield>
   <marc:datafield ind1=" " ind2=" " tag="653">
      <marc:subfield code="a">Fortgeschrittene LeseanfängerInnen</marc:subfield>
   </marc:datafield>
   <marc:datafield ind1="0" ind2="0" tag="245">
      <marc:subfield code="a">Hexe Lilli und der magische Tierzauber</marc:subfield>
   </marc:datafield>
   <marc:datafield ind1=" " ind2="1" tag="264">
      <marc:subfield code="b">Arena Verl.</marc:subfield>
      <marc:subfield code="c">2017</marc:subfield>
   </marc:datafield>
   <marc:datafield ind1="1" ind2=" " tag="490">
      <marc:subfield code="a">Der Bücherbär 1. Klasse</marc:subfield>
   </marc:datafield>
   <marc:datafield ind1="1" ind2=" " tag="520">
      <marc:subfield code="a">Hexe Lilli und ihr kleiner Bruder Leon dürfen auf Raudi, den süßesten Rauhaardackel der Welt, aufpassen. Doch Leon will ihn ganz für sich allein. Nicht einmal Lillis Tricks helfen da weiter. Ein eigenes Haustier muss her! Zum Glück hält Lillis Hexenbuch den richtigen Spruch bereit, aber der Wunschzauber hat seine Tücken …</marc:subfield>
   </marc:datafield>
   <marc:datafield ind1=" " ind2=" " tag="020">
      <marc:subfield code="a">9783401709413</marc:subfield>
      <marc:subfield code="9">9783401709413</marc:subfield>
   </marc:datafield>
</marc:record>
